000 00590nam a2200169 4500
001 122755
003 ES-MaACL
005 20230906192033.0
007 t|
008 070214s1970 sp r ||||1| spa d
245 0 0 _aProceso a la Jurisdicción de delitos monetarios y a los Tribunales de contrabando
_b: la libertad de expresión del funcionario público.
260 _aMadrid :
_bCírculo de Estudios Jurídicos,
_c1970.
300 _a181 p. ;
_c23 cm.
500 _aFaltan las p. 97 - 112.
710 2 _aCírculo de Estudios Jurídicos.
_92824
852 _aES-MaACL
_jC-44111
_bR.76512
999 _c122755
_d122755